000 00328nam a2200133Ia 4500
008 240624s9999 xx 000 0 und d
041 _aeng
082 _a658.8 CHA
100 _aCHAUDHARY MANJULA
245 _aTOURISM MARKETING
260 _c2015
_aNew Delhi
_bOxford
300 _axiv, : 390 : p. : cm. ; 26
365 _cRS
_b31
999 _c24980
_d24980